<?xml version="1.0" encoding="UTF-8"?>
<record
    xmlns:xsi="http://www.w3.org/2001/XMLSchema-instance"
    xsi:schemaLocation="http://www.loc.gov/MARC21/slim http://www.loc.gov/standards/marcxml/schema/MARC21slim.xsd"
    xmlns="http://www.loc.gov/MARC21/slim">

  <leader>01262cam a2200325 i 4500</leader>
  <controlfield tag="001">78952</controlfield>
  <controlfield tag="003">BD-RjUL</controlfield>
  <controlfield tag="005">20211209083208.0</controlfield>
  <controlfield tag="008">211201s1931    ir a          000 0 per  </controlfield>
  <datafield tag="020" ind1=" " ind2=" ">
    <subfield code="a">9646371469</subfield>
  </datafield>
  <datafield tag="035" ind1=" " ind2=" ">
    <subfield code="a">(BD-RjUL)78931</subfield>
  </datafield>
  <datafield tag="040" ind1=" " ind2=" ">
    <subfield code="a">DLC-R</subfield>
    <subfield code="b">eng</subfield>
    <subfield code="e">rda</subfield>
    <subfield code="c">DLC-R</subfield>
    <subfield code="d">DLC</subfield>
  </datafield>
  <datafield tag="041" ind1="1" ind2=" ">
    <subfield code="a">per</subfield>
    <subfield code="a">bul</subfield>
    <subfield code="a">eng</subfield>
    <subfield code="h">per</subfield>
  </datafield>
  <datafield tag="082" ind1=" " ind2=" ">
    <subfield code="2">23</subfield>
    <subfield code="a">891.551</subfield>
    <subfield code="b">OMR 1998</subfield>
  </datafield>
  <datafield tag="100" ind1="0" ind2=" ">
    <subfield code="a">&#x639;&#x645;&#x631; &#x62E;&#x64A;&#x627;&#x645;. Omar Khayyam.</subfield>
    <subfield code="9">249632</subfield>
  </datafield>
  <datafield tag="245" ind1="1" ind2="0">
    <subfield code="a">&#x631;&#x628;&#x627;&#x639;&#x6CC;&#x627;&#x62A; &#x62D;&#x6A9;&#x6CC;&#x645; &#x639;&#x645;&#x631; &#x62E;&#x6CC;&#x627;&#x645; : &#x628;&#x647; &#x633;&#x647; &#x632;&#x628;&#x627;&#x646; &#x641;&#x627;&#x631;&#x633;&#x6CC;&#x60C; &#x627;&#x646;&#x6AF;&#x644;&#x6CC;&#x633;&#x6CC;&#x60C; &#x641;&#x631;&#x627;&#x646;&#x633;&#x647;   ;;Rub&#x101;&#x2BB;&#x12B;y&#x101;t-i &#x1E24;ak&#x12B;m &#x2BB;Umar Khayy&#x101;m : bih sih zab&#x101;n F&#x101;ris&#x12B;, Injl&#x12B;z&#x12B;, Farans&#x12B; /</subfield>
    <subfield code="c">&#x639;&#x645;&#x631;&#x62E;&#x6CC;&#x627;&#x645; ; &#x645;&#x642;&#x62F;&#x645;&#x647; &#x633;&#x639;&#x6CC;&#x62F; &#x646;&#x641;&#x6CC;&#x633;&#x6CC;  ;;omar Khyyam</subfield>
  </datafield>
  <datafield tag="246" ind1="3" ind2="0">
    <subfield code="a">Ruba&#x12D;i&#xFE20;a&#xFE21;t</subfield>
  </datafield>
  <datafield tag="250" ind1=" " ind2=" ">
    <subfield code="a">Ch&#x101;p-i 1.</subfield>
  </datafield>
  <datafield tag="264" ind1=" " ind2="1">
    <subfield code="a">Tihr&#x101;n :</subfield>
    <subfield code="b">Namak pub,  , </subfield>
    <subfield code="c">1931</subfield>
  </datafield>
  <datafield tag="300" ind1=" " ind2=" ">
    <subfield code="a">N/A : </subfield>
    <subfield code="b">ill. ;</subfield>
    <subfield code="c">13*14 cm</subfield>
  </datafield>
  <datafield tag="600" ind1="0" ind2="0">
    <subfield code="a">Omar Khayyam.</subfield>
    <subfield code="t">Rub&#x101;&#x2BB;&#x12B;y&#x101;t.</subfield>
    <subfield code="9">250921</subfield>
  </datafield>
  <datafield tag="650" ind1=" " ind2=" ">
    <subfield code="a">poetry</subfield>
    <subfield code="9">249634</subfield>
  </datafield>
  <datafield tag="700" ind1="1" ind2=" ">
    <subfield code="a">&#x646;&#x641;&#x6CC;&#x633;&#x6CC;&#x60C; &#x633;&#x639;&#x6CC;&#x62F;</subfield>
    <subfield code="9">250919</subfield>
  </datafield>
  <datafield tag="700" ind1="0" ind2="2">
    <subfield code="a">Omar Khayyam.</subfield>
    <subfield code="9">250922</subfield>
  </datafield>
  <datafield tag="700" ind1="0" ind2="2">
    <subfield code="a">Omar Khayyam.</subfield>
    <subfield code="9">250922</subfield>
  </datafield>
  <datafield tag="942" ind1=" " ind2=" ">
    <subfield code="2">ddc</subfield>
    <subfield code="c">BK</subfield>
  </datafield>
  <datafield tag="999" ind1=" " ind2=" ">
    <subfield code="c">78952</subfield>
    <subfield code="d">78952</subfield>
  </datafield>
  <datafield tag="952" ind1=" " ind2=" ">
    <subfield code="0">0</subfield>
    <subfield code="1">0</subfield>
    <subfield code="2">ddc</subfield>
    <subfield code="4">0</subfield>
    <subfield code="7">1</subfield>
    <subfield code="8">NFIC</subfield>
    <subfield code="a">RUCL</subfield>
    <subfield code="b">RUCL</subfield>
    <subfield code="c">Reading</subfield>
    <subfield code="d">2007-08-13</subfield>
    <subfield code="e">Iran , Embassy, Dhaka</subfield>
    <subfield code="l">0</subfield>
    <subfield code="o">F 891.551 OMR 1931</subfield>
    <subfield code="r">2021-12-01 00:00:00</subfield>
    <subfield code="t">C-1</subfield>
    <subfield code="w">2021-12-09</subfield>
    <subfield code="y">BK</subfield>
  </datafield>
</record>
